000 00611nam a2200181 a 4500
005 20230622133259.0
008 081209s2008 ||||||||||||||||| || u
040 _cCBU
050 _ae-File
100 _aMbewe, Godfrey L
245 1 0 _aCBU Library: 2008 stock review exercise. [electronic resource]
260 _aKitwe:
_bCBU Library
_c2008
650 _aLIBRARIES--HANDBOOKS, MANUALS, ETC
650 _aUNIVERSITY LIBRARIES -- ZAMBIA -- REPORTS
710 _aCopperbelt University
856 _uhttp://41.63.3.93:8025/cgi-bin/koha/opac-retrieve-file.pl?id=0e307e9a9f797297697b1029c71dffeb
942 _c004
999 _c77412
_d77412